Electrical measurements and measuring instruments (Record no. 162021)
[ view plain ]
| 000 -LEADER | |
|---|---|
| fixed length control field | 00451nam a2200169Ia 4500 |
| 008 - FIXED-LENGTH DATA ELEMENTS--GENERAL INFORMATION | |
| fixed length control field | 231217s9999 xx 000 0 und d |
| 041 ## - LANGUAGE CODE | |
| Language code of text/sound track or separate title | English |
| 082 ## - DEWEY DECIMAL CLASSIFICATION NUMBER | |
| Classification number | 621.37 GOL;4 |
| 100 ## - MAIN ENTRY--PERSONAL NAME | |
| Personal name | Golding, E WWiddis, F C |
| 245 #0 - TITLE STATEMENT | |
| Title | Electrical measurements and measuring instruments |
| 250 ## - EDITION STATEMENT | |
| Edition statement | 5th ed. |
| 260 ## - PUBLICATION, DISTRIBUTION, ETC. | |
| Date of publication, distribution, etc. | 1986 |
| Name of publisher, distributor, etc. | AH Wheeler |
| 300 ## - PHYSICAL DESCRIPTION | |
| Extent | xii+ 952 |
| 500 ## - GENERAL NOTE | |
| General note | Content page available |
| 650 ## - SUBJECT ADDED ENTRY--TOPICAL TERM | |
| Topical term or geographic name entry element | Electrical measurements |
| 942 ## - ADDED ENTRY ELEMENTS (KOHA) | |
| Koha item type | Books |
| Date last seen | Total checkouts | Full call number | Accession number | Uniform resource identifier | Cost, total (INR) price | Price effective from | Category | Public note | Lost status | Damaged status | Department | Withdrawn status | Home library | Current library | Entry date | Vendor | Cost, normal purchase price | Grants | Billnumber | Billdate | Currency symbol | Conversion rate | Discount | Old discount | Shelving location |
|---|---|---|---|---|---|---|---|---|---|---|---|---|---|---|---|---|---|---|---|---|---|---|---|---|---|
| 26/01/2024 | 621.37 GOL;4 | 3860 | digital/contents/29885.pdf | 85.00 | 26/01/2024 | Books | Weeded Out 2016 | Central Library | Central Library | Central Library | 14/08/1991 | Subhas Publ. | 100.00 | EC | 424 | 16/12/1992 | RS | 1 | 15 | 15 | |||||
| 26/01/2024 | 621.37 GOL;7 | 3861 | digital/contents/29885.pdf | 85.00 | 26/01/2024 | Books | Weeded Out 2016 | Library Annex | Central Library | Central Library | 14/08/1991 | 100.00 | EC | 424 | 16/12/1992 | RS | 1 | 15 | 15 | Library Annex | |||||
| 26/01/2024 | 621.37 GOL;5 | 3862 | digital/contents/29885.pdf | 85.00 | 26/01/2024 | Books | Weeded Out 2016 | Central Library | Central Library | Central Library | 14/08/1991 | Subhas Publ. | 100.00 | EC | 424 | 16/12/1992 | RS | 1 | 15 | 15 | |||||
| 26/01/2024 | 621.37 GOL;3 | 3863 | digital/contents/29885.pdf | 85.00 | 26/01/2024 | Books | Central Library | Central Library | Central Library | 14/08/1991 | Subhas Publ. | 100.00 | EC | 424 | 16/12/1992 | RS | 1 | 15 | 15 | ||||||
| 26/01/2024 | 621.37 GOL;6 | 3864 | digital/contents/29885.pdf | 85.00 | 26/01/2024 | Books | Central Library | Central Library | Central Library | 14/08/1991 | Subhas Publ. | 100.00 | EC | 424 | 16/12/1992 | RS | 1 | 15 | 15 |
